000 01475cam a2200169 4500500
005 20260405003631.0
041 _afre
042 _adc
100 1 0 _aSusin, Luiz Carlos
_eauthor
700 1 0 _aTihon, Paul
_eauthor
245 0 0 _aUn forum mondial pour une théologie actuelle
260 _c2005.
500 _a59
520 _anew circumstances and new cultures have always called for a new theology. At the start of the 21st century, given the effects of a scientific and technological revolution, the feminist and the environmental revolutions, the complexity of global relations and an unprecedented pluralism, Christian theology must be public in nature, engage in networks and confront pluralism, seeking ever more deeply its evangelical essence, in an even more critical and analytical fashion with respect to the history of Christianity. Above all, it must try to respond to the signs of the times with the resources of the faith and of Christian revelation. in this age of the World Social Forum, the slogan of which is “a different world is possible”, the creation of a parallel World Forum for Theology and Liberation can be a useful test of the relevance of theology to our times, and can identify creative directions for the work that needs to be done in the near future.
786 0 _nLumen Vitae | Volume LX | 1 | 2005-01-01 | p. 53-65 | 0024-7324
856 4 1 _uhttps://shs.cairn.info/revue-lumen-vitae-2005-1-page-53?lang=fr&redirect-ssocas=7080
999 _c2069484
_d2069484